Take it one day at a time (Record no. 73854)

MARC details
000 -LEADER
fixed length control field 01815cam a2200265 4500
001 - CONTROL NUMBER
control field ABS67274
008 - FIXED-LENGTH DATA ELEMENTS--GENERAL INFORMATION
fixed length control field 031125n2003 000 0 eng u
035 ## - SYSTEM CONTROL NUMBER
System control number (Sirsi) u124465
100 ## - MAIN ENTRY--PERSONAL NAME
Personal name Murdoch, S.
245 ## - TITLE STATEMENT
Title Take it one day at a time
260 ## - PUBLICATION, DISTRIBUTION, ETC.
Date of publication, distribution, etc. 2003
490 ## - SERIES STATEMENT
Series statement Estates Gazette
Volume/sequential designation (0342) 18 October 2003, 125 (1)
520 ## - SUMMARY, ETC.
Summary, etc. All Housing Act tenancies, whether fixed-term or periodic, are now automatically assured shorthold tenancies. Landlords can regain possession simply by giving two months' notice rather than proving a statutory ground for possession. The recent CA decision "McDonald and another v Fernandez and another" ([2003] EWCA 1219 Civ, Abs67273) demonstrates that statutory notice requirements under the Housing Act 1988 s21(4) are not entirely straightforward. Statutory notice requirements affecting assured shorthold tenancies differ for fixed-term and periodic tenancies. Where the tenancy is periodic, the notice must state a date after which possession will be required and that date must be the last date of a period of a tenancy and at least two months after the giving of the notice. The landlord's contention that the principle expressed in "Mannai Investment Co Ltd v Eagle Star Life Assurance Co Ltd UK",(HL, Abs57166) that it would not have misled a reasonable recipient, made the notice valid still, was rejected.
590 ## - LOCAL NOTE (RLIN)
Local note ABS
650 ## - SUBJECT ADDED ENTRY--TOPICAL TERM
Topical term or geographic name entry element POSSESSION ORDERS
650 ## - SUBJECT ADDED ENTRY--TOPICAL TERM
Topical term or geographic name entry element HOUSING ACT 1988 S21(4)
650 ## - SUBJECT ADDED ENTRY--TOPICAL TERM
Topical term or geographic name entry element MANNAI INVESTMENT CO LTD V EAGLE STAR LIFE ASSURANCE CO LTD UK
650 ## - SUBJECT ADDED ENTRY--TOPICAL TERM
Topical term or geographic name entry element MCDONALD AND ANOTHER V FERNANDEZ AND ANOTHER
650 ## - SUBJECT ADDED ENTRY--TOPICAL TERM
Topical term or geographic name entry element STATUTORY PERIODIC TENANCIES
650 ## - SUBJECT ADDED ENTRY--TOPICAL TERM
Topical term or geographic name entry element ASSURED SHORTHOLD TENANCIES
650 ## - SUBJECT ADDED ENTRY--TOPICAL TERM
Topical term or geographic name entry element NOTICES
650 ## - SUBJECT ADDED ENTRY--TOPICAL TERM
Topical term or geographic name entry element NOTICE TO QUIT
690 ## - LOCAL SUBJECT ADDED ENTRY--TOPICAL TERM (OCLC, RLIN)
Topical term or geographic name as entry element LANDLORD AND TENANT-RESIDENTIAL TENANCIES-CASE LAW
942 ## - ADDED ENTRY ELEMENTS (KOHA)
Suppress in OPAC 0
Holdings
Withdrawn status Lost status Source of classification or shelving scheme Damaged status Not for loan Home library Current library Shelving location Date acquired Total Checkouts Full call number Barcode Date last seen Copy number Price effective from Koha item type
    Dewey Decimal Classification     London London Journal article 25/11/2003   ABS67274 124465-1001 06/08/2019 1 06/08/2019 Journal article